Psychanalyse et musique
Αποθηκεύτηκε σε:
| Κύριος συγγραφέας: | |
|---|---|
| Μορφή: | Βιβλίο |
| Γλώσσα: | French |
| Δημοσίευση: |
Paris :
Les Belles Lettres,
1982
|
| Σειρά: | Confluents psychanalytiques
|
| Θέματα: | |
| Ετικέτες: |
Προσθήκη ετικέτας
Δεν υπάρχουν, Καταχωρήστε ετικέτα πρώτοι!
|
MARC
| LEADER | 00000nam a2200000 i 4500 | ||
|---|---|---|---|
| 001 | 1/75258 | ||
| 008 | 960729s1982 fre d | ||
| 020 | |a 2-251-33415-7 | ||
| 035 | |a 1987 |c Αγορά |l 10032078 | ||
| 040 | |a GR-MY-UA |b gre |e aacr | ||
| 041 | 0 | |a fre | |
| 082 | 0 | |a 780.09 | |
| 100 | 1 | |a Caon, Jacques. | |
| 245 | 1 | 0 | |a Psychanalyse et musique / |c J. Cain ... [et al.] |
| 260 | |a Paris : |b Les Belles Lettres, |c 1982 | ||
| 300 | |a 272 p. | ||
| 490 | 1 | |a Confluents psychanalytiques | |
| 650 | 0 | 0 | |a Psychoanalysis. |
| 650 | 0 | 0 | |a Music |x Psychological aspects. |
| 650 | 0 | 0 | |a Music |x Physiological effects. |
| 830 | 0 | |a Confluents psychanalytiques | |
| 852 | |a INST |b RHODES |e 19960729 |h 780.09 PSY |p 005400000671 |q 005400000671 |t BK |y 0 | ||
| 909 | |a Ρ |b 007256 |c 1987 | ||